|
|
|
|
| LEADER |
00700nam a22001817a 4500 |
| 005 |
20151026130338.0 |
| 008 |
091022t xxu||||| |||| 00| 0 eng d |
| 020 |
|
|
|a 81-226-03359-9
|
| 080 |
|
|
|a FM
|b VKN/SU;1
|
| 100 |
|
|
|a V.K.N.
|9 8019
|
| 245 |
|
|
|a Sunday
|
| 260 |
|
|
|a Thrissur
|b Current books
|c 2004
|9 6615
|
| 300 |
|
|
|a 184p.
|
| 653 |
|
|
|a Short essays-Malayalam literature
|a Fiction-Malayalam literature
|
| 942 |
|
|
|c BK
|6 _
|
| 999 |
|
|
|c 3562
|d 3562
|
| 952 |
|
|
|0 0
|1 0
|2 udc
|4 0
|6 FM_VKNSU1
|7 0
|9 14257
|a UL
|b UL
|d 2009-10-22
|l 18
|m 1
|o FM VKN/SU;1
|p 00055719
|r 2015-09-29
|s 2015-08-25
|w 2009-10-22
|y BK
|
| 952 |
|
|
|0 0
|1 0
|2 udc
|4 0
|6 FM_VKNSU
|7 0
|9 14258
|a UL
|b UL
|d 2009-10-22
|l 10
|m 1
|o FM VKN/SU
|p 00054384
|r 2015-03-20
|s 2015-02-28
|w 2009-10-22
|y BK
|